[Event "Collado Villalba 2015"]
[Site "Collado Villalba (ESP)"]
[Date "2015.08.23"]
[Round "2.22"]
[White "Perez De Villar Munoz, Eusebio"]
[Black "Fernandez Sanchez, Lorenzo"]
[Result "1-0"]
[WhiteElo "1970"]
[BlackElo "1817"]
[PlyCount "111"]
[EventDate "2015.08.22"]
[EventType "swiss"]
[EventRounds "9"]
[EventCountry "ESP"]
[Source "lmi"]
[SourceDate "2015.08.22"]

1. e4 c6 2. d4 d5 3. e5 Bf5 4. Bd3 Bxd3 5. Qxd3 e6 6. Ne2 Nd7 7. c3 Qb6 8. a3
Ne7 9. Ng3 a5 10. Nd2 a4 11. O-O c5 12. f4 c4 13. Qe2 g6 14. Nf3 Nf5 15. Nxf5
gxf5 16. Ng5 h5 17. Rf3 Be7 18. Rh3 Bxg5 19. fxg5 O-O-O 20. Bf4 Nf8 21. Rb1 Ng6
22. Be3 h4 23. Qe1 Rh7 24. Qd1 Qc6 25. g4 fxg4 26. Qxg4 Rdh8 27. Rf1 Qe8 28.
Rhf3 Ne7 29. Rf6 Nf5 30. R1xf5 exf5 31. Qxf5+ Qd7 32. Qxd7+ Kxd7 33. Rd6+ Kc8
34. Rxd5 b6 35. Rb5 h3 36. Kf2 Kc7 37. Rb4 Kc6 38. Rxa4 b5 39. Ra6+ Kd5 40. Kf3
Rd8 41. Rb6 Rh4 42. Rxb5+ Ke6 43. Rb6+ Ke7 44. g6 Rh5 45. Kg4 fxg6 46. Bg5+
Rxg5+ 47. Kxg5 Rf8 48. Rf6 Rb8 49. Rf2 Rd8 50. Kg4 Rh8 51. d5 Rh5 52. Re2 Rh8
53. Re4 g5 54. Kg3 Rb8 55. Rxc4 Rxb2 56. Kxh3 1-0

[Event "Collado Villalba 2015"]
[Site "Collado Villalba (ESP)"]
[Date "2015.08.23"]
[Round "2.23"]
[White "Ojosnegros Martin, Angel"]
[Black "Antoñano Fedz-Quincoces, Aveli"]
[Result "0-1"]
[WhiteElo "1484"]
[BlackElo "1970"]
[PlyCount "44"]
[EventDate "2015.08.22"]
[EventType "swiss"]
[EventRounds "9"]
[EventCountry "ESP"]
[Source "lmi"]
[SourceDate "2015.08.22"]

1. e4 c5 2. Nf3 g6 3. d4 cxd4 4. Nxd4 Nc6 5. Nc3 Bg7 6. Nde2 Nf6 7. g3 O-O 8.
Bg2 d6 9. O-O Bd7 10. Bg5 Qc8 11. Re1 Re8 12. Rb1 Bh3 13. Bxf6 Bxf6 14. Bh1 Bg4
15. Nd5 Bg7 16. c3 Ne5 17. Ne3 Nf3+ 18. Bxf3 Bxf3 19. Qd3 Qe6 20. Nd5 Bxe4 21.
Nef4 Bxd3 22. Nxe6 fxe6 0-1

[Event "Collado Villalba 2015"]
[Site "Collado Villalba (ESP)"]
[Date "2015.08.23"]
[Round "2.24"]
[White "Torres Grajales, Ramon"]
[Black "Laveda Ayllon, Jose David"]
[Result "1-0"]
[WhiteElo "1943"]
[BlackElo "1695"]
[PlyCount "43"]
[EventDate "2015.08.22"]
[EventType "swiss"]
[EventRounds "9"]
[EventCountry "ESP"]
[Source "lmi"]
[SourceDate "2015.08.22"]

1. e4 d5 2. exd5 Qxd5 3. Nc3 Qa5 4. Nf3 Nf6 5. d4 Bf5 6. Bd3 e6 7. O-O Nbd7 8.
Bf4 h6 9. Ne5 Bxd3 10. Qxd3 Nxe5 11. Bxe5 O-O-O 12. Rad1 Ng4 13. Bg3 Rd7 14.
Qf3 Nf6 15. Rfe1 Bd6 16. Be5 Rhd8 17. Bxd6 Rxd6 18. Re5 Nd5 19. Qxf7 Qb4 20.
Ne4 R6d7 21. Qxe6 Kb8 22. Qxd7 1-0

[Event "Collado Villalba 2015"]
[Site "Collado Villalba (ESP)"]
[Date "2015.08.23"]
[Round "2.25"]
[White "Rodriguez De Robles, Ignacio"]
[Black "Tipter, Napoleon"]
[Result "0-1"]
[WhiteElo "1932"]
[BlackElo "2019"]
[PlyCount "104"]
[EventDate "2015.08.22"]
[EventType "swiss"]
[EventRounds "9"]
[EventCountry "ESP"]
[Source "lmi"]
[SourceDate "2015.08.22"]

1. e4 c5 2. Nf3 d6 3. d4 cxd4 4. Nxd4 Nf6 5. Nc3 g6 6. g3 a6 7. h3 Bg7 8. Bg2
Qc7 9. O-O Bd7 10. Be3 Nc6 11. Qd2 Na5 12. b3 Rc8 13. Nce2 b6 14. c4 Nb7 15.
Rae1 Nc5 16. Nc3 O-O 17. Bg5 Be6 18. Nd5 Qd8 19. f4 h6 20. Bh4 Re8 21. g4 Bd7
22. e5 Nxd5 23. Bxd5 Be6 24. Nxe6 fxe6 25. Bg2 dxe5 26. Qxd8 Rcxd8 27. Bc6 exf4
28. Bxe8 Rxe8 29. Rd1 Be5 30. Rfe1 Bd6 31. b4 Na4 32. Rxe6 Kf7 33. Ree1 Bxb4
34. Rf1 g5 35. Bf2 e5 36. Rb1 Ba5 37. Be1 Nc3 38. Bxc3 Bxc3 39. Rfd1 Re6 40.
Rbc1 Bb4 41. Rd5 e4 42. Kf1 Kf6 43. Rf5+ Kg6 44. Rc2 f3 45. Rb2 Bc5 46. Ke1 Bd4
47. Rc2 Rf6 48. Rd5 Bc5 49. Re5 e3 50. Re4 Rd6 51. Rc1 Rd2 52. a3 Rh2 0-1

[Event "Collado Villalba 2015"]
[Site "Collado Villalba (ESP)"]
[Date "2015.08.24"]
[Round "3.1"]
[White "Lianes Garcia, Marcos"]
[Black "Perez Mitjans, Orelvis"]
[Result "0-1"]
[WhiteElo "2059"]
[BlackElo "2434"]
[PlyCount "146"]
[EventDate "2015.08.22"]
[EventType "swiss"]
[EventRounds "9"]
[EventCountry "ESP"]
[Source "lmi"]
[SourceDate "2015.08.22"]

1. e4 c5 2. Nf3 g6 3. c3 Bg7 4. d4 cxd4 5. cxd4 d5 6. e5 Nc6 7. h3 Nh6 8. Nc3
O-O 9. Be3 Nf5 10. Qd2 Nxe3 11. Qxe3 f6 12. exf6 exf6 13. Be2 f5 14. O-O f4 15.
Qd2 g5 16. Rfd1 g4 17. hxg4 Bxg4 18. Ne5 Nxe5 19. dxe5 f3 20. gxf3 Be6 21. f4
Kh8 22. Bf3 Qh4 23. Bxd5 Qg4+ 24. Kf1 Qh3+ 25. Bg2 Qh2 26. Nd5 Bh6 27. Qe3 Bxf4
28. Nxf4 Rxf4 29. Rd4 Bc4+ 30. Rxc4 Rxc4 31. e6 Qd6 32. Re1 Re8 33. Qh6 Qd4 34.
Qh5 Qd3+ 35. Kg1 Qg6 36. Qxg6 hxg6 37. Bxb7 Kg7 38. Bd5 Rc2 39. Bb3 Rxb2 40.
Rd1 Kf6 41. Rd7 Re7 42. Rd3 a5 43. Rd4 Rc7 44. Rf4+ Ke5 45. Rf7 Kd6 46. Kg2
Rxf7 47. exf7 Ke7 48. Kg3 a4 49. Bxa4 Kxf7 50. Bb3+ Kf6 51. Bc4 Rb4 52. Bb3 Ke5
53. Bc2 g5 54. Bb3 Rf4 55. Bg8 Kd4 56. f3 Ke3 57. Bd5 Ra4 58. Bb3 Rd4 59. Bc2
Rc4 60. Bb3 Rc1 61. Kg2 Kf4 62. Kf2 Rc3 63. Bd5 Rd3 64. Bc6 Rd2+ 65. Ke1 Rxa2
66. Kf1 Ke3 67. Kg1 Kf4 68. Kf1 Kg3 69. Be4 Rf2+ 70. Kg1 Rxf3 71. Bxf3 Kxf3 72.
Kh1 Kg3 73. Kg1 g4 0-1

[Event "Collado Villalba 2015"]
[Site "Collado Villalba (ESP)"]
[Date "2015.08.24"]
[Round "3.2"]
[White "Martinez Reyes, Pedro Ramon"]
[Black "Martin Carmona, Gaston Manuel"]
[Result "1-0"]
[WhiteElo "2349"]
[BlackElo "2068"]
[PlyCount "43"]
[EventDate "2015.08.22"]
[EventType "swiss"]
[EventRounds "9"]
[EventCountry "ESP"]
[Source "lmi"]
[SourceDate "2015.08.22"]

1. e4 e6 2. d4 d5 3. Nd2 Be7 4. Ngf3 Nf6 5. Bd3 c5 6. c3 Nc6 7. O-O cxd4 8.
cxd4 dxe4 9. Nxe4 O-O 10. Bg5 Nxd4 11. Nxd4 Qxd4 12. Qc2 Qd8 13. Nxf6+ Bxf6 14.
Bxh7+ Kh8 15. Rfd1 Bxg5 16. Rxd8 Rxd8 17. Be4 Bd7 18. Bxb7 Rab8 19. Qc7 Be8 20.
h4 Bd2 21. a3 a5 22. Rd1 1-0

[Event "Collado Villalba 2015"]
[Site "Collado Villalba (ESP)"]
[Date "2015.08.24"]
[Round "3.3"]
[White "Semprun Martinez, Fernando"]
[Black "Eizaguerri Floris, Maria"]
[Result "1-0"]
[WhiteElo "2215"]
[BlackElo "1822"]
[PlyCount "113"]
[EventDate "2015.08.22"]
[EventType "swiss"]
[EventRounds "9"]
[EventCountry "ESP"]
[Source "lmi"]
[SourceDate "2015.08.22"]

1. e4 c5 2. Nf3 e6 3. d4 cxd4 4. Nxd4 Nc6 5. Nc3 a6 6. Nxc6 bxc6 7. Bd3 d5 8.
O-O Bd6 9. f4 Ne7 10. f5 dxe4 11. Bxe4 Bc5+ 12. Kh1 Qxd1 13. Rxd1 exf5 14. Bf3
O-O 15. Na4 Ba7 16. Bf4 Be6 17. Bd6 Rfe8 18. Bxe7 Rxe7 19. Bxc6 Rc8 20. Bf3 g5
21. Nc3 Rb8 22. Nd5 Bxd5 23. Bxd5 Re2 24. Bb3 Rbe8 25. Rf1 R8e5 26. g3 Rd2 27.
Rad1 Rxd1 28. Rxd1 Bc5 29. h4 gxh4 30. gxh4 f4 31. Rd5 Rxd5 32. Bxd5 Kg7 33.
Kg2 Bd4 34. c3 Be3 35. Kf3 Bc1 36. b3 Bb2 37. c4 Be5 38. c5 Kf6 39. Ke4 f3 40.
Kxf3 Bd4 41. b4 a5 42. a3 axb4 43. axb4 Bc3 44. c6 Be5 45. Ke4 Bc7 46. Kd4 Bb6+
47. Kc4 Ke5 48. Kb5 Bd8 49. Kc5 Be7+ 50. Kb6 Bd8+ 51. c7 Bxc7+ 52. Kxc7 Kxd5
53. b5 f5 54. b6 f4 55. b7 f3 56. b8=Q Ke4 57. Qb1+ 1-0

[Event "Collado Villalba 2015"]
[Site "Collado Villalba (ESP)"]
[Date "2015.08.24"]
[Round "3.4"]
[White "De La Orden Alcocer, Alejandro"]
[Black "Elissalt Cardenas, Hector"]
[Result "0-1"]
[WhiteElo "2006"]
[BlackElo "2350"]
[PlyCount "122"]
[EventDate "2015.08.22"]
[EventType "swiss"]
[EventRounds "9"]
[EventCountry "ESP"]
[Source "lmi"]
[SourceDate "2015.08.22"]

1. Nf3 Nc6 2. c4 e5 3. d3 f5 4. Nc3 Nf6 5. g3 Bb4 6. Bg2 O-O 7. O-O Bxc3 8.
bxc3 Rb8 9. a4 b6 10. Ba3 d6 11. Qd2 Na5 12. Rfb1 c5 13. Bc1 Bb7 14. Qg5 Nd7
15. Bh3 Bxf3 16. exf3 Qxg5 17. Bxg5 Rbe8 18. Bd2 Rf7 19. Bf1 f4 20. Bh3 g5 21.
Rb2 Kg7 22. Re1 Nf8 23. Bg2 Rd8 24. h3 Ng6 25. Rb5 Kf6 26. Bf1 Rc7 27. Re4 Nc6
28. Bc1 h5 29. Kg2 h4 30. g4 Nf8 31. Bb2 Ne6 32. Bc1 Rb7 33. Bd2 Nc7 34. Rb1
Rdb8 35. Ree1 a6 36. Rec1 b5 37. axb5 axb5 38. cxb5 Nxb5 39. Be1 Nc7 40. Rxb7
Rxb7 41. Be2 Rb2 42. Bd1 Ke6 43. Kf1 d5 44. Ra1 Kd6 45. Ba4 c4 46. dxc4 dxc4
47. Rd1+ Nd5 48. Rd2 Rb1 49. Bc2 Rb2 50. Ba4 Rxd2 51. Bxd2 Kc5 52. Ke2 Na7 53.
Kd1 Nb5 54. Kc2 Nb6 55. Bxb5 Kxb5 56. Bc1 Ka4 57. Kb2 Nd5 58. Kc2 Nf6 59. Bd2
Nd7 60. Kd1 Nc5 61. Ke2 Nd3 0-1

[Event "Collado Villalba 2015"]
[Site "Collado Villalba (ESP)"]
[Date "2015.08.24"]
[Round "3.5"]
[White "Sanz Castillo, Santiago"]
[Black "Cao Armillas, Jesus"]
[Result "1/2-1/2"]
[WhiteElo "2197"]
[BlackElo "2090"]
[PlyCount "35"]
[EventDate "2015.08.22"]
[EventType "swiss"]
[EventRounds "9"]
[EventCountry "ESP"]
[Source "lmi"]
[SourceDate "2015.08.22"]

1. e4 c5 2. c3 d5 3. exd5 Qxd5 4. d4 Nf6 5. Nf3 e6 6. Be2 Nc6 7. O-O cxd4 8.
cxd4 Bb4 9. a3 Ba5 10. b4 Bb6 11. Nc3 Qd6 12. Bg5 O-O 13. Bxf6 gxf6 14. d5 Ne5
15. Ne4 Nxf3+ 16. Bxf3 Qe5 17. Qd2 exd5 18. Qxd5 1/2-1/2

[Event "Collado Villalba 2015"]
[Site "Collado Villalba (ESP)"]
[Date "2015.08.24"]
[Round "3.6"]
[White "Garcia Saez, Juan Carlos"]
[Black "Bermejo Arruego, Luis"]
[Result "0-1"]
[WhiteElo "2010"]
[BlackElo "2167"]
[PlyCount "64"]
[EventDate "2015.08.22"]
[EventType "swiss"]
[EventRounds "9"]
[EventCountry "ESP"]
[Source "lmi"]
[SourceDate "2015.08.22"]

1. c3 d5 2. d3 e5 3. g3 Nf6 4. Bg2 c6 5. Nf3 Bd6 6. O-O O-O 7. Nbd2 a5 8. a4 h6
9. Qc2 Qe7 10. e4 dxe4 11. dxe4 Be6 12. b3 Na6 13. Bb2 Nd7 14. Rad1 Rfe8 15.
Ne1 Rad8 16. Nd3 Ndc5 17. Nxc5 Bxc5 18. Kh1 f6 19. Nf3 Qf7 20. c4 Bg4 21. Rxd8
Rxd8 22. Bc3 Nb4 23. Bxb4 axb4 24. Kg1 Qd7 25. Rb1 Qd3 26. Ne1 Qxc2 27. Nxc2
Rd1+ 28. Rxd1 Bxd1 29. Ne1 Bxb3 30. Nd3 Be7 31. Nb2 Bc2 32. Bf1 b3 0-1

[Event "Collado Villalba 2015"]
[Site "Collado Villalba (ESP)"]
[Date "2015.08.24"]
[Round "3.7"]
[White "Esquivias Gomez, Francisco J"]
[Black "Garcia Paolicchi, Raul"]
[Result "1-0"]
[WhiteElo "1999"]
[BlackElo "2148"]
[PlyCount "49"]
[EventDate "2015.08.22"]
[EventType "swiss"]
[EventRounds "9"]
[EventCountry "ESP"]
[Source "lmi"]
[SourceDate "2015.08.22"]

1. c4 c5 2. Nf3 Nf6 3. Nc3 e6 4. e4 d6 5. d4 cxd4 6. Nxd4 a6 7. Be2 Be7 8. O-O
Qc7 9. Be3 b6 10. f4 Bb7 11. Bf3 Nbd7 12. Rc1 Nc5 13. Qc2 Rc8 14. b4 Ncd7 15.
Qb1 Qb8 16. Qb3 Qa8 17. f5 e5 18. Ne6 fxe6 19. fxe6 Nf8 20. Na4 Qb8 21. Nxb6
Rd8 22. Qa4+ N8d7 23. Nxd7 Nxd7 24. Bh5+ g6 25. exd7+ 1-0

[Event "Collado Villalba 2015"]
[Site "Collado Villalba (ESP)"]
[Date "2015.08.24"]
[Round "3.8"]
[White "Moreno Ruiz, Javier"]
[Black "Aguilera Lopez, Alejandro"]
[Result "1-0"]
[WhiteElo "2467"]
[BlackElo "1999"]
[PlyCount "49"]
[EventDate "2015.08.22"]
[EventType "swiss"]
[EventRounds "9"]
[EventCountry "ESP"]
[Source "lmi"]
[SourceDate "2015.08.22"]

1. e4 c5 2. Nf3 e6 3. d4 cxd4 4. Nxd4 Nf6 5. Nc3 Nc6 6. Be2 Bb4 7. O-O Bxc3 8.
bxc3 Nxe4 9. Qd3 d5 10. Ba3 a6 11. Nxc6 bxc6 12. c4 Bd7 13. Rab1 Qc7 14. Rb2 f5
15. Rfb1 Bc8 16. Rb6 Kf7 17. Bh5+ g6 18. Bf3 Rd8 19. h4 a5 20. Bxe4 dxe4 21.
Qe3 Kg8 22. h5 e5 23. Qg5 Kg7 24. Rxc6 Qxc6 25. h6+ 1-0

[Event "Collado Villalba 2015"]
[Site "Collado Villalba (ESP)"]
[Date "2015.08.24"]
[Round "3.9"]
[White "Aranda Marin, Cristian"]
[Black "Perdomo Araujo, Angel Eduardo"]
[Result "1-0"]
[WhiteElo "2368"]
[BlackElo "1998"]
[PlyCount "55"]
[EventDate "2015.08.22"]
[EventType "swiss"]
[EventRounds "9"]
[EventCountry "ESP"]
[Source "lmi"]
[SourceDate "2015.08.22"]

1. d4 d5 2. Nf3 Nf6 3. g3 e6 4. Bg2 Be7 5. O-O O-O 6. c4 c6 7. Qc2 Nbd7 8. Rd1
b6 9. b3 Bb7 10. Nc3 Rc8 11. Bb2 Qc7 12. e4 dxe4 13. Ng5 e5 14. dxe5 Nxe5 15.
Ngxe4 Ned7 16. Ne2 Nxe4 17. Bxe4 h6 18. Nd4 Bf6 19. Nf5 Rcd8 20. Rxd7 Qxd7 21.
Bxf6 gxf6 22. Qc3 Qe6 23. Qe3 Bc8 24. Qxh6 Qxf5 25. Bxf5 Bxf5 26. Qxf6 Bg6 27.
Re1 Rd2 28. f4 1-0

[Event "Collado Villalba 2015"]
[Site "Collado Villalba (ESP)"]
[Date "2015.08.24"]
[Round "3.10"]
[White "Torres Samper, Rafael"]
[Black "Collazo Hidalgo-Gato, Niala"]
[Result "0-1"]
[WhiteElo "1971"]
[BlackElo "2261"]
[PlyCount "46"]
[EventDate "2015.08.22"]
[EventType "swiss"]
[EventRounds "9"]
[EventCountry "ESP"]
[Source "lmi"]
[SourceDate "2015.08.22"]

1. e4 c5 2. Nf3 Nc6 3. d4 cxd4 4. Nxd4 Qc7 5. Nc3 e6 6. Be3 a6 7. Qd2 Nf6 8.
O-O-O Be7 9. f3 b5 10. g4 Nxd4 11. Bxd4 Bb7 12. Be2 b4 13. Na4 d5 14. e5 Nd7
15. f4 Bc6 16. b3 Bxa4 17. bxa4 Qa5 18. f5 Qxa4 19. fxe6 fxe6 20. Kb1 Rc8 21.
Rhf1 Nc5 22. Bxc5 Rxc5 23. Qd4 Qxc2+ 0-1

[Event "Collado Villalba 2015"]
[Site "Collado Villalba (ESP)"]
[Date "2015.08.24"]
[Round "3.11"]
[White "Antoñano Fedz-Quincoces, Aveli"]
[Black "Longa Yauca, Javier"]
[Result "0-1"]
[WhiteElo "1970"]
[BlackElo "2255"]
[PlyCount "92"]
[EventDate "2015.08.22"]
[EventType "swiss"]
[EventRounds "9"]
[EventCountry "ESP"]
[Source "lmi"]
[SourceDate "2015.08.22"]

1. e4 d6 2. d4 Nf6 3. Nc3 Nbd7 4. Nf3 e5 5. Bc4 Be7 6. O-O O-O 7. h3 c6 8. dxe5
dxe5 9. a4 Qc7 10. Qe2 Nc5 11. Be3 a5 12. Nd2 Ne6 13. Nb3 Bb4 14. Bxe6 Bxe6 15.
Bc5 Rfe8 16. Qe3 Nd7 17. Bxb4 axb4 18. Ne2 c5 19. Nd2 c4 20. f4 f6 21. fxe5
Nxe5 22. Nf3 Bf7 23. Ned4 Qc5 24. Rfe1 Nxf3+ 25. Nxf3 Qxe3+ 26. Rxe3 Ra5 27. e5
b5 28. b3 bxa4 29. bxa4 fxe5 30. Rae1 b3 31. cxb3 cxb3 32. Nxe5 b2 33. Rb1
Raxe5 34. Rxe5 Rxe5 35. Rxb2 h5 36. Kf2 Re4 37. a5 Ra4 38. Rb5 Ra3 39. h4 Kf8
40. Rg5 Be8 41. g3 g6 42. Rd5 Bf7 43. Rb5 Kg7 44. Rc5 Be6 45. Rc7+ Kf6 46. Rc5
Ke7 0-1

[Event "Collado Villalba 2015"]
[Site "Collado Villalba (ESP)"]
[Date "2015.08.24"]
[Round "3.12"]
[White "Pastor Alonso De Prado, Albert"]
[Black "Movilla Calleja, David"]
[Result "1-0"]
[WhiteElo "2167"]
[BlackElo "1890"]
[PlyCount "97"]
[EventDate "2015.08.22"]
[EventType "swiss"]
[EventRounds "9"]
[EventCountry "ESP"]
[Source "lmi"]
[SourceDate "2015.08.22"]

1. e4 e6 2. d4 d5 3. e5 c5 4. c3 Qb6 5. Nf3 Nc6 6. Be2 Bd7 7. O-O Nh6 8. Bxh6
gxh6 9. Qd2 O-O-O 10. dxc5 Bxc5 11. b4 Be7 12. a4 Qc7 13. Qe3 Kb8 14. b5 Na5
15. Qxh6 Rdg8 16. Bd3 Nc4 17. Qf4 f6 18. Bxc4 dxc4 19. Nbd2 Rc8 20. Qh4 Qd8 21.
exf6 Bxf6 22. Qf4+ Ka8 23. Ne4 Be7 24. Rad1 Qe8 25. Ne5 Rd8 26. Nd6 Bxd6 27.
Rxd6 Bc8 28. Rfd1 Qe7 29. Nxc4 Rdf8 30. Qe4 Qf7 31. R1d2 Qg7 32. Qd4 e5 33.
Nxe5 Rhg8 34. f4 Bh3 35. Rd8+ Rxd8 36. Qxd8+ Bc8 37. Qd5 h5 38. Qf7 Qxf7 39.
Nxf7 Kb8 40. g3 Kc7 41. a5 Be6 42. Ne5 Rc8 43. c4 Rd8 44. Rxd8 Kxd8 45. b6 axb6
46. axb6 Ke7 47. c5 Bd5 48. Kf2 Kd8 49. f5 1-0

[Event "Collado Villalba 2015"]
[Site "Collado Villalba (ESP)"]
[Date "2015.08.24"]
[Round "3.13"]
[White "Camarero Izquierdo, Juan Carlo"]
[Black "Aziz Ortego, Omar Luis"]
[Result "0-1"]
[WhiteElo "1931"]
[BlackElo "2123"]
[PlyCount "86"]
[EventDate "2015.08.22"]
[EventType "swiss"]
[EventRounds "9"]
[EventCountry "ESP"]
[Source "lmi"]
[SourceDate "2015.08.22"]

1. d4 f5 2. Nc3 d5 3. Bg5 g6 4. Qd3 c6 5. f3 Bg7 6. e4 dxe4 7. fxe4 Qxd4 8. Qh3
Na6 9. Bxa6 fxe4 10. Qg3 bxa6 11. Nge2 Qb6 12. Rb1 Bf5 13. Be3 Qb8 14. Qf2 Nf6
15. h3 h5 16. Nd4 Bd7 17. O-O O-O 18. Qh4 e5 19. Nb3 Bf5 20. Nc5 Nd5 21. Nd1
Nxe3 22. Nxe3 Qb4 23. Nb3 Qb6 24. Rfe1 Bh6 25. Qf2 Bxh3 26. Qd2 Rad8 27. Qc3
Be6 28. Kh1 Rf4 29. Nc5 Bf7 30. b4 Rd4 31. a3 Qd8 32. Re2 Rh4+ 33. Kg1 Bf4 34.
Nf1 Bc4 35. Ree1 e3 36. Rxe3 Bxe3+ 37. Nxe3 Qg5 38. Nb3 Rd3 39. Qxc4+ Rxc4 40.
Nxc4 Rg3 41. Kf2 Rxg2+ 42. Kf3 Qg4+ 43. Ke3 Qe2# 0-1

[Event "Collado Villalba 2015"]
[Site "Collado Villalba (ESP)"]
[Date "2015.08.24"]
[Round "3.14"]
[White "Palenciano Escolar, Adrian"]
[Black "Picazo Gonzalez, Ana"]
[Result "0-1"]
[WhiteElo "2120"]
[BlackElo "1851"]
[PlyCount "70"]
[EventDate "2015.08.22"]
[EventType "swiss"]
[EventRounds "9"]
[EventCountry "ESP"]
[Source "lmi"]
[SourceDate "2015.08.22"]

1. e4 e6 2. d4 d5 3. Nd2 c5 4. exd5 exd5 5. Ngf3 Nf6 6. Bb5+ Bd7 7. Qe2+ Be7 8.
dxc5 O-O 9. O-O Bxc5 10. Nb3 Re8 11. Qd3 Bb6 12. Bg5 Bxb5 13. Qxb5 Nbd7 14.
Rad1 Qc7 15. c3 Re4 16. Nbd2 Re6 17. Rde1 Rae8 18. Bh4 a6 19. Qb4 Ne4 20. Nxe4
dxe4 21. Ng5 R6e7 22. Rxe4 Rxe4 23. Nxe4 Ba5 24. Qd4 Bb6 25. Qd3 Qc6 26. Ng5
Nf6 27. Nf3 Nd7 28. Bg3 h6 29. h3 Nc5 30. Qf5 Ne4 31. Be5 Qd5 32. Qf4 Nxf2 33.
Rxf2 Qd1+ 34. Kh2 Bxf2 35. Nd4 Qg1# 0-1

[Event "Collado Villalba 2015"]
[Site "Collado Villalba (ESP)"]
[Date "2015.08.24"]
[Round "3.16"]
[White "Tipter, Napoleon"]
[Black "Garcia Galeote, Lorenzo"]
[Result "1-0"]
[WhiteElo "2019"]
[BlackElo "1973"]
[PlyCount "113"]
[EventDate "2015.08.22"]
[EventType "swiss"]
[EventRounds "9"]
[EventCountry "ESP"]
[Source "lmi"]
[SourceDate "2015.08.22"]

1. d4 g6 2. c4 Bg7 3. Nc3 d6 4. e4 e5 5. Nf3 Nc6 6. Be3 Bg4 7. d5 Nd4 8. Be2
Bxf3 9. Bxf3 Nxf3+ 10. Qxf3 h5 11. c5 Bh6 12. O-O Bxe3 13. fxe3 Nh6 14. cxd6
cxd6 15. Rac1 O-O 16. h3 a6 17. Rf2 Qe7 18. Rfc2 Rac8 19. Na4 Rxc2 20. Rxc2 Qd7
21. b3 Kg7 22. Nb6 Qb5 23. Nc4 Qd7 24. a4 Qc7 25. Qf2 Rc8 26. Na3 Qd8 27. Rxc8
Qxc8 28. Nc4 Qc5 29. Qd2 b6 30. Nb2 a5 31. Nd3 Qc7 32. Qc1 Qd8 33. Qc6 Ng8 34.
Nb2 Ne7 35. Qb7 g5 36. Nc4 Nc8 37. Na3 Kg6 38. Nb5 g4 39. hxg4 hxg4 40. g3 Qh8
41. Qd7 Qh3 42. Qf5+ Kg7 43. Qg5+ Kh7 44. Qh4+ Qxh4 45. gxh4 Kg6 46. Kg2 f5 47.
Kg3 Ne7 48. Nxd6 fxe4 49. Kxg4 Nxd5 50. h5+ Kh6 51. Nf5+ Kh7 52. Kg5 Nc7 53.
Kf6 Na6 54. Kxe5 Nc5 55. Nd4 Kh6 56. Kd5 Kxh5 57. Kc6 1-0

[Event "Collado Villalba 2015"]
[Site "Collado Villalba (ESP)"]
[Date "2015.08.24"]
[Round "3.17"]
[White "Cortes Jurado, Rafael"]
[Black "Petru, Lucian Olimpiu"]
[Result "1-0"]
[WhiteElo "2073"]
[BlackElo "1845"]
[PlyCount "81"]
[EventDate "2015.08.22"]
[EventType "swiss"]
[EventRounds "9"]
[EventCountry "ESP"]
[Source "lmi"]
[SourceDate "2015.08.22"]

1. d4 Nf6 2. c4 e5 3. dxe5 Ng4 4. Bf4 Nc6 5. Nf3 Bc5 6. e3 Qe7 7. Qd5 Nb4 8.
Qd2 Nc6 9. Nc3 Bb4 10. a3 Bxc3 11. Qxc3 f6 12. exf6 Nxf6 13. Be2 Ne4 14. Qc2 d6
15. O-O g5 16. Be5 Nxe5 17. Qxe4 Nxf3+ 18. Qxf3 h5 19. Qd5 c6 20. Qd4 Rh6 21.
b4 Bf5 22. Rfd1 Qe5 23. Qxe5+ dxe5 24. f3 Rd8 25. Kf2 Rxd1 26. Rxd1 Ke7 27. c5
e4 28. Rd4 exf3 29. gxf3 h4 30. e4 Bd7 31. Rd1 Rh8 32. Rd6 Be6 33. Ke3 Rf8 34.
Kd4 g4 35. Ke5 Bd7 36. f4 Rg8 37. f5 g3 38. hxg3 hxg3 39. f6+ Kd8 40. f7 Rh8
41. Bg4 1-0

[Event "Collado Villalba 2015"]
[Site "Collado Villalba (ESP)"]
[Date "2015.08.24"]
[Round "3.18"]
[White "Jordana Vargas, Julio"]
[Black "Cabrera Jimenez, Julio"]
[Result "1-0"]
[WhiteElo "1998"]
[BlackElo "1801"]
[PlyCount "87"]
[EventDate "2015.08.22"]
[EventType "swiss"]
[EventRounds "9"]
[EventCountry "ESP"]
[Source "lmi"]
[SourceDate "2015.08.22"]

1. c4 e5 2. Nc3 Nf6 3. Nf3 Nc6 4. g3 Bc5 5. Bg2 O-O 6. O-O d6 7. e3 Bg4 8. h3
Bh5 9. g4 Bg6 10. d4 exd4 11. exd4 Bb6 12. Bg5 h6 13. Bh4 Bh7 14. g5 hxg5 15.
Bxg5 Qd7 16. Bxf6 gxf6 17. Nd5 Qf5 18. Qd2 Kh8 19. Qh6 Qg6 20. Qf4 Rg8 21.
Qxf6+ Qxf6 22. Nxf6 Rg6 23. Nxh7 Kxh7 24. Kh1 Nxd4 25. Nxd4 Bxd4 26. Be4 Rag8
27. Rab1 Kh6 28. Bxg6 Rxg6 29. b3 Kh5 30. Rbd1 c5 31. Rd3 Rf6 32. Kg2 Re6 33.
Rg3 Re2 34. a4 f5 35. h4 f4 36. Rg5+ Kh6 37. Kf3 Rb2 38. Rg2 Be5 39. Ke4 Rxb3
40. Rfg1 Rh3 41. Rg4 Rc3 42. Kf5 Rxc4 43. Rg6+ Kh7 44. R6g5 1-0

[Event "Collado Villalba 2015"]
[Site "Collado Villalba (ESP)"]
[Date "2015.08.24"]
[Round "3.19"]
[White "Corral Aragon, Juan Maria"]
[Black "Gutierrez Mordini, Pablo"]
[Result "0-1"]
[WhiteElo "1845"]
[BlackElo "1902"]
[PlyCount "106"]
[EventDate "2015.08.22"]
[EventType "swiss"]
[EventRounds "9"]
[EventCountry "ESP"]
[Source "lmi"]
[SourceDate "2015.08.22"]

1. e4 e5 2. Nf3 Nc6 3. Bb5 Bc5 4. O-O Nf6 5. Bxc6 dxc6 6. Nxe5 O-O 7. d3 Re8 8.
Nf3 Bg4 9. Bg5 h6 10. Be3 Qe7 11. Bxc5 Qxc5 12. Nbd2 Rad8 13. Nb3 Qh5 14. h3
Bxh3 15. gxh3 Nxe4 16. Nh2 Qxh3 17. Qf3 Ng5 18. Qxh3 Nxh3+ 19. Kg2 Nf4+ 20. Kf3
g5 21. Ng4 Kg7 22. Rfe1 h5 23. Ne3 Kg6 24. Nc5 Re5 25. Ne4 Ne6 26. Kg2 f5 27.
Nc3 Nd4 28. Ne2 Rxe3 29. Nxd4 Rxe1 30. Rxe1 Rxd4 31. Re7 Rb4 32. b3 g4 33. Rxc7
h4 34. c4 a5 35. d4 a4 36. d5 cxd5 37. cxd5 axb3 38. axb3 Rxb3 39. d6 Rd3 40.
d7 b5 41. Rb7 Kg5 42. Kf1 Kf4 43. Ke2 Rd5 44. Rxb5 Rxd7 45. Rb4+ Kg5 46. Rb8 h3
47. Rh8 Kf4 48. Rh5 Rd5 49. Rh7 Re5+ 50. Kf1 Kf3 51. Ra7 Rb5 52. Ra3+ Kf4 53.
Ra2 Rb1+ 0-1

[Event "Collado Villalba 2015"]
[Site "Collado Villalba (ESP)"]
[Date "2015.08.24"]
[Round "3.20"]
[White "Perez Cameselle, Francisco"]
[Black "Montiel Miguelez, Manuel"]
[Result "0-1"]
[WhiteElo "1840"]
[BlackElo "1854"]
[PlyCount "88"]
[EventDate "2015.08.22"]
[EventType "swiss"]
[EventRounds "9"]
[EventCountry "ESP"]
[Source "lmi"]
[SourceDate "2015.08.22"]

1. d4 Nf6 2. c4 e6 3. g3 d5 4. Nf3 Be7 5. Bg2 O-O 6. Nc3 dxc4 7. Qa4 Bd7 8.
Qxc4 Bc6 9. O-O Nbd7 10. Qd3 a6 11. Rd1 Nb6 12. e4 Na4 13. Ne5 Be8 14. Qc2 Nxc3
15. bxc3 c6 16. a4 Qc7 17. Nc4 a5 18. Bf4 Qd8 19. Bg5 Qc7 20. Rab1 Ra6 21. Bf4
Qd7 22. Rb6 Rxb6 23. Nxb6 Qd8 24. Qb3 Nd7 25. Nc4 b5 26. axb5 cxb5 27. Qxb5 g5
28. Bd2 f5 29. Qxa5 Qc8 30. Nb2 Qb8 31. Nd3 Qb3 32. Qa1 Bh5 33. f3 fxe4 34. g4
exf3 35. gxh5 fxg2 36. Kxg2 Qd5+ 37. Kg1 Qf3 38. Qb1 Bd6 39. Re1 Qg4+ 40. Kh1
Qxh5 41. Bf4 Bxf4 42. Nxf4 Rxf4 43. Rxe6 Qf3+ 44. Kg1 Qg4+ 0-1